000 01405nam0a2200337 4500
001 RU\NLR\bibl\965983
005 20260406125142.0
010 _a5-699-16142-2
_bВ пер.
_94000
021 _aRU
_b2006-28906
_91439
035 _a(nilc)RSL-KNO-002888632
035 _a(NLR Aleph) 000953983
090 _a297500
_c297500
100 _a20060519d2006 |||y0rusy50 ca
101 1 _arus
102 _aRU
105 _ac |||||||||
106 _ar
200 1 _aЛирика
_fИоганн Вольфганг Гёте
210 _aМосква
_cЭксмо
_d2006
_eУльяновск
_gУльяновский Дом печати
215 _a351 с.
_cпортр.
_d17
225 1 _aЗолотая серия поэзии
610 0 _aФилологические науки. Художественная литература -- Германия -- Немецкая литература -- 1789 - 1871 -- Произведения художественной литературы -- Поэзия -- Лирическая поэзия
686 _aШ5(4Г)52-653
_2rubbk
686 _aШ6(4Г)457-5я44{Лх1355-175}
700 1 _4070
_7ca
_8rus
_aГете
_bИ. В.
_f1749-1832
_gИоганн Вольфганг
_9111380
_3RU\NLR\auth\771353
801 0 _aRU
_bРКП
_c20060519
_grcr
801 1 _aRU
_bРГБ
_c20060519
801 2 _aRU
_bNLR
_c20060707
_grcr
942 _cBOOK
980 _aNB